000 00417nam a22001577a 4500
003 LK-CoDNM
005 20240816113518.0
008 240816b |||||||| |||| 00| 0 eng d
040 _aLK-CoDNM
_dLK-CoDNM
_eLK-CoDNM
080 _a9
_bR20
100 _aBREASTED JAMES HENRY
245 _aDEVELOPMENT OF RELIGION AND THOUGHT IN ANCIENT EGYPT
260 _aLONDON
300 _aXVIII, 379P. ; 22 CM
942 _cBK
999 _c148176
_d148176